Professional Communication Skills (Record no. 909)
[ view plain ]
| 000 -LEADER | |
|---|---|
| fixed length control field | 00360nam a2200145Ia 4500 |
| 008 - FIXED-LENGTH DATA ELEMENTS--GENERAL INFORMATION | |
| fixed length control field | 191201s2005 xx 000 0 und d |
| 082 ## - DEWEY DECIMAL CLASSIFICATION NUMBER | |
| Classification number | 485.5 |
| Item number | BHP |
| 100 ## - MAIN ENTRY--PERSONAL NAME | |
| Personal name | BHATIA, Pravin S R |
| 245 #0 - TITLE STATEMENT | |
| Title | Professional Communication Skills |
| 250 ## - EDITION STATEMENT | |
| Edition statement | 1st Rep |
| 260 ## - PUBLICATION, DISTRIBUTION, ETC. (IMPRINT) | |
| Place of publication, distribution, etc | N.Delhi |
| Name of publisher, distributor, etc | S Chand and Co. Ltd. |
| Date of publication, distribution, etc | 2005 |
| 300 ## - PHYSICAL DESCRIPTION | |
| Extent | 178 |
| 650 ## - SUBJECT ADDED ENTRY--TOPICAL TERM | |
| Topical term or geographic name as entry element | Applied |
| 942 ## - ADDED ENTRY ELEMENTS (KOHA) | |
| Source of classification or shelving scheme | Dewey Decimal Classification |
| Koha item type | Text Books |
| Withdrawn status | Lost status | Source of classification or shelving scheme | Damaged status | Not for loan | Collection code | Home library | Current library | Date acquired | Source of acquisition | Cost, normal purchase price | Bill Number | Total Checkouts | Full call number | Acc. no. / Barcode | Date last seen | Bill Date | Koha item type |
|---|---|---|---|---|---|---|---|---|---|---|---|---|---|---|---|---|---|
| Dewey Decimal Classification | Applied Sc. | PIET C-LIBRARY | PIET C-LIBRARY | 17/08/2006 | M/s UDH , Delhi | 85.00 | 125415 | 485.5 BHP | 555 | 04/12/2019 | 18/08/2005 | Text Books | |||||
| Dewey Decimal Classification | Applied Sc. | PIET C-LIBRARY | PIET C-LIBRARY | 17/08/2006 | M/s UDH , Delhi | 85.00 | 125415 | 485.5 BHP | 556 | 04/12/2019 | 18/08/2005 | Text Books | |||||
| Dewey Decimal Classification | Applied Sc. | PIET C-LIBRARY | PIET C-LIBRARY | 08/08/2006 | UBS pub and dis ltd n. delhi | 85.00 | 125415 | 485.5 BHP | 557 | 04/12/2019 | 18/08/2005 | Text Books | |||||
| Dewey Decimal Classification | Applied Sc. | PIET C-LIBRARY | PIET C-LIBRARY | 08/08/2006 | UBS pub and dis ltd n. delhi | 85.00 | 125415 | 485.5 BHP | 558 | 04/12/2019 | 18/08/2005 | Text Books |